[Event "Lienz op 21st"]
[Site "Lienz"]
[Date "2023.02.11"]
[Round "1"]
[White "Holtel, Jasper"]
[Black "Heyne, Regina"]
[Result "1-0"]
[WhiteElo "2342"]
[BlackElo "1769"]
[PlyCount "32"]
[EventDate "2023.02.11"]
[EventType "swiss"]
[EventRounds "9"]
[EventCountry "AUT"]
[SourceTitle "CBM 212 Extra"]
[Source "ChessBase"]
[SourceDate "2023.03.31"]
[SourceVersion "1"]
[SourceVersionDate "2023.03.31"]
[SourceQuality "1"]

1. Nf3 Nf6 2. g3 d5 3. Bg2 e6 4. 0-0 c5 5. c4 Be7 6. cxd5 Nxd5 7. Nc3 0-0 8. d4 Nc6 9. Nxd5 Qxd5 10. Be3 cxd4 11. Nxd4 Qd7 12. Nxc6 bxc6 13. Rc1 Qxd1 14. Re1 Qxc1 15. Rxc1 Ba6 16. Bxc6 Rab8 1-0

[Event "Kaltern op 5th"]
[Site "Kaltern"]
[Date "2022.10.23"]
[Round "4"]
[White "De Nisi, Roberta"]
[Black "Heyne, Regina"]
[Result "1/2-1/2"]
[WhiteElo "1842"]
[BlackElo "1792"]
[PlyCount "116"]
[EventDate "2022.10.21"]
[EventType "swiss"]
[EventRounds "5"]
[EventCountry "ITA"]
[SourceTitle "EXT 2024"]
[Source "ChessBase"]
[SourceDate "2023.10.10"]
[SourceVersion "1"]
[SourceVersionDate "2023.10.10"]
[SourceQuality "1"]

1. d4 d5 2. c4 e6 3. Nf3 Nf6 4. Nc3 Be7 5. Bg5 0-0 6. e3 Nbd7 7. cxd5 exd5 8. Bd3 c6 9. 0-0 h6 10. Bh4 Re8 11. Qc2 Nf8 12. Ne5 Be6 13. a3 Rc8 14. b4 a6 15. Na4 N6d7 16. Bxe7 Qxe7 17. f4 f6 18. Nxd7 Nxd7 19. Rae1 Qd8 20. f5 Bf7 21. Qf2 a5 22. Nc5 Nxc5 23. bxc5 b6 24. cxb6 Qxb6 25. Rb1 Qc7 26. Rfe1 c5 27. dxc5 Qxc5 28. Bb5 Red8 29. a4 Qc2 30. Qxc2 Rxc2 31. Rbd1 Kf8 32. Rd4 Rdc8 33. Kf1 Ke7 34. h3 Kd6 35. Red1 Ke5 36. Bd7 R8c5 37. Bb5 Kxf5 38. Bd3+ Ke5 39. Bxc2 Rxc2 40. R1d2 Rc3 41. Kf2 f5 42. g4 fxg4 43. Rxg4 g6 44. h4 h5 45. Rf4 Be6 46. Rfd4 Rc5 47. Rb2 Bd7 48. Rb6 Rc2+ 49. Ke1 Bc6 50. Kd1 Rc5 51. Kd2 Be8 52. Rb8 Bd7 53. Rg8 Bf5 54. Re8+ Kf6 55. Ra8 Be4 56. Kd1 Kf5 57. Rf8+ Kg4 58. Rf4+ Kg3 1/2-1/2

[Event "St Veit op-B 37th"]
[Site "St Veit"]
[Date "2018.07.12"]
[Round "7"]
[White "Logar, Metod"]
[Black "Heyne, Regina"]
[Result "1-0"]
[WhiteElo "1966"]
[BlackElo "1850"]
[PlyCount "81"]
[EventDate "2018.07.07"]
[EventType "swiss"]
[EventRounds "9"]
[EventCountry "AUT"]
[SourceTitle "EXT 2020"]
[Source "ChessBase"]
[SourceDate "2019.10.17"]
[SourceVersion "1"]
[SourceVersionDate "2019.10.17"]
[SourceQuality "1"]

1. e4 e6 2. d4 d5 3. Nc3 dxe4 4. Nxe4 Nd7 5. Nf3 Ngf6 6. Bd3 Be7 7. Qe2 0-0 8. h4 b6 9. Bg5 Bb7 10. 0-0-0 Qc8 11. h5 h6 12. Bxf6 Bxf6 13. g4 c5 14. Nd6 Bxf3 15. Qxf3 Bg5+ 16. Kb1 Qc7 17. Nb5 Qc8 18. Be4 Rb8 19. Nxa7 Qa6 20. Nc6 Ra8 21. a3 Qc8 22. d5 Qa6 23. dxe6 fxe6 24. Qd3 Qxd3 25. Rxd3 Ra4 26. f3 Nf6 27. Ne7+ Kf7 28. Ng6 Nxe4 29. Nxf8 Nf2 30. Rd7+ Kxf8 31. Re1 b5 32. Rxe6 Bf6 33. Rc6 Ke8 34. Rb7 Rd4 35. Rxc5 Nd1 36. Rc8+ Bd8 37. Rxg7 Ne3 38. Rb7 Nc4 39. Rxb5 Kd7 40. Ra8 Bf6 41. Rf5 1-0

[Event "Regionalliga Sued 1718 (Women)"]
[Site "Germany"]
[Date "2018.01.30"]
[Round "4.2"]
[White "Heyne, Regina"]
[Black "Blanter, Sofya"]
[Result "0-1"]
[WhiteElo "1841"]
[BlackElo "1738"]
[PlyCount "122"]
[EventDate "2017.10.15"]
[EventType "team-tourn"]
[EventRounds "5"]
[EventCountry "GER"]
[SourceTitle "CBM 183 Extra"]
[Source "ChessBase"]
[SourceDate "2018.04.19"]
[SourceVersion "1"]
[SourceVersionDate "2018.04.19"]
[SourceQuality "1"]
[WhiteTeam "Muenchen Bayern (W) II"]
[BlackTeam "Regensburg Bavaria (W)"]
[WhiteTeamCountry "GER"]
[BlackTeamCountry "GER"]

1. d4 d5 2. c4 c6 3. Bf4 Nf6 4. e3 e6 5. Nf3 Bb4+ 6. Nbd2 0-0 7. Bd3 dxc4 8. Bxc4 b5 9. Bb3 Nbd7 10. Rc1 Bb7 11. 0-0 Rc8 12. a3 Be7 13. h3 c5 14. dxc5 Nxc5 15. Nd4 Nxb3 16. N2xb3 Qd5 17. Qf3 Qd7 18. Qe2 a6 19. Na5 Ba8 20. Rfd1 Rxc1 21. Rxc1 Rc8 22. Rxc8+ Qxc8 23. Qc2 Qxc2 24. Nxc2 Nd5 25. Bg3 f6 26. Nb3 e5 27. e4 Nb6 28. Nd2 Kf7 29. f3 Bc5+ 30. Bf2 Bxf2+ 31. Kxf2 Ke6 32. Ke3 g6 33. g3 a5 34. Kd3 Nd7 35. Ne3 f5 36. b4 a4 37. Nd1 Nf6 38. Nc3 Bc6 39. Ke3 Nh5 40. Ne2 Bd7 41. f4 Bc6 42. exf5+ gxf5 43. fxe5 Kxe5 44. Nd4 Bd7 45. Ne2 Bc6 46. Nd4 Bd7 47. N2f3+ Kd5 48. Nxf5 Bxf5 49. g4 Bg6 50. gxh5 Bxh5 51. Ng5 Kc4 52. Nxh7 Kb3 53. Kd4 Kxa3 54. Kc3 Ka2 55. Nf6 Bg6 56. Nd5 Kb1 57. Kd2 a3 58. h4 a2 59. Nc3+ Kb2 60. Nxa2 Kxa2 61. Kc3 Ka3 0-1

[Event "Regionalliga Sued 1718 (Women)"]
[Site "Germany"]
[Date "2017.12.17"]
[Round "3.2"]
[White "Nieberle, Cornelia"]
[Black "Heyne, Regina"]
[Result "1-0"]
[WhiteElo "1740"]
[BlackElo "1841"]
[PlyCount "53"]
[EventDate "2017.10.15"]
[EventType "team-tourn"]
[EventRounds "5"]
[EventCountry "GER"]
[SourceTitle "CBM 183 Extra"]
[Source "ChessBase"]
[SourceDate "2018.04.19"]
[SourceVersion "1"]
[SourceVersionDate "2018.04.19"]
[SourceQuality "1"]
[WhiteTeam "Neuperlach (W)"]
[BlackTeam "Muenchen Bayern (W) III"]
[WhiteTeamCountry "GER"]
[BlackTeamCountry "GER"]

1. d4 d5 2. e3 Nf6 3. Bd3 e6 4. Nd2 b6 5. f4 Ba6 6. Qe2 Bxd3 7. cxd3 c5 8. Ngf3 Nc6 9. Ne5 Qc7 10. Ndf3 cxd4 11. Nxc6 Qxc6 12. Nxd4 Qa4 13. 0-0 Rc8 14. b3 Qd7 15. Bb2 Bc5 16. g4 h6 17. a3 Rc7 18. b4 Bd6 19. Rac1 e5 20. Nf5 Bf8 21. fxe5 Rxc1 22. Rxc1 g6 23. Nd6+ Bxd6 24. exd6 Qe6 25. Qf3 0-0 26. Qxf6 Qxe3+ 27. Kh1 1-0

[Event "Reykjavik op"]
[Site "Reykjavik"]
[Date "2016.03.12"]
[Round "6"]
[White "Heyne, Regina"]
[Black "Probst, Alexander"]
[Result "0-1"]
[WhiteElo "1858"]
[BlackElo "2006"]
[PlyCount "72"]
[EventDate "2016.03.08"]
[EventType "swiss"]
[EventRounds "10"]
[EventCountry "ISL"]
[SourceTitle "CBM 171 Extra"]
[Source "ChessBase"]
[SourceDate "2016.04.26"]
[SourceVersion "1"]
[SourceVersionDate "2016.04.26"]
[SourceQuality "1"]

1. d4 d5 2. c4 dxc4 3. Nf3 Nf6 4. Qa4+ Bd7 5. Qxc4 e6 6. Bg5 Be7 7. Nbd2 Bc6 8. Rc1 Nbd7 9. Bxf6 Bxf6 10. e3 0-0 11. Qc2 e5 12. Bd3 exd4 13. Bxh7+ Kh8 14. Be4 dxe3 15. fxe3 Ne5 16. Nxe5 Bxe5 17. Bxc6 bxc6 18. Nf3 Bf6 19. b3 Qe7 20. Kf2 Rfe8 21. Rhe1 Qa3 22. Re2 Re6 23. Qf5 Qe7 24. Rc4 Re8 25. Qd3 g6 26. Ra4 Qc5 27. Nd4 Re4 28. Rc4 Qd5 29. b4 Rg4 30. Kf1 Kg7 31. Rc5 Qd6 32. h3 Rge4 33. a3 Bxd4 34. Rc4 Rxe3 35. Rxd4 Qf6+ 36. Rf2 Re1# 0-1

[Event "Reykjavik op"]
[Site "Reykjavik"]
[Date "2016.03.09"]
[Round "3"]
[White "Heyne, Regina"]
[Black "Baldursson, Hrannar"]
[Result "0-1"]
[WhiteElo "1858"]
[BlackElo "2124"]
[PlyCount "66"]
[EventDate "2016.03.08"]
[EventType "swiss"]
[EventRounds "10"]
[EventCountry "ISL"]
[SourceTitle "CBM 171 Extra"]
[Source "ChessBase"]
[SourceDate "2016.04.26"]
[SourceVersion "1"]
[SourceVersionDate "2016.04.26"]
[SourceQuality "1"]

1. d4 Nf6 2. c4 d6 3. Nc3 c6 4. e4 Qa5 5. Bd2 Qb6 6. Bc1 e5 7. dxe5 dxe5 8. a3 Bc5 9. Qc2 0-0 10. b4 Bd4 11. Bd3 Rd8 12. Nf3 Bxf2+ 13. Ke2 Bd4 14. Nxd4 Qxd4 15. h3 Be6 16. Be3 Qd6 17. Bg5 Nbd7 18. Rad1 h6 19. Be3 b6 20. g4 a5 21. Bxb6 Nxb6 22. c5 Qb8 23. cxb6 axb4 24. axb4 Qxb6 25. Rb1 Ra3 26. Rhd1 Qd4 27. Na4 Rxd3 28. Rxd3 Bc4 29. Nb2 Qxe4+ 30. Kd2 Qf4+ 31. Ke2 e4 32. Qxc4 exd3+ 33. Kd1 Ne4 0-1

[Event "BL2 Sued 1415 (Women)"]
[Site "Germany"]
[Date "2014.12.14"]
[Round "5.5"]
[White "Lorenz, Oda"]
[Black "Heyne, Regina"]
[Result "0-1"]
[WhiteElo "1846"]
[BlackElo "1807"]
[PlyCount "94"]
[EventDate "2014.09.27"]
[EventType "team-tourn"]
[EventRounds "7"]
[EventCountry "GER"]
[SourceTitle "CBM 166 Extra"]
[Source "ChessBase"]
[SourceDate "2015.06.18"]
[SourceVersion "1"]
[SourceVersionDate "2015.06.18"]
[SourceQuality "1"]
[WhiteTeam "Augsburg (W)"]
[BlackTeam "Muenchen Bayern (W)"]
[WhiteTeamCountry "GER"]
[BlackTeamCountry "GER"]

1. e4 e6 2. d4 d5 3. exd5 exd5 4. c4 dxc4 5. Bxc4 Nf6 6. h3 Be7 7. Nf3 0-0 8. 0-0 Nbd7 9. Nc3 Nb6 10. Bb3 Bf5 11. Bf4 c6 12. Nh4 Qd7 13. Nxf5 Qxf5 14. Be5 Rfe8 15. Bc2 Qd7 16. Qd3 g6 17. Qf3 Nfd5 18. Ne4 Nc4 19. Bb3 Nxe5 20. dxe5 Kg7 21. Rad1 Qe6 22. Nd6 Bxd6 23. exd6 Qxd6 24. Bxd5 cxd5 25. Rxd5 Qf6 26. Qxf6+ Kxf6 27. Rfd1 Re7 28. g4 h6 29. R1d2 Rae8 30. Kg2 Re5 31. Rxe5 Rxe5 32. Kf3 h5 33. Kg3 hxg4 34. hxg4 g5 35. b3 Ke6 36. Rd3 f6 37. f4 Re2 38. f5+ Ke7 39. a4 Re4 40. Kf3 Rf4+ 41. Kg3 Rb4 42. Rc3 Kd6 43. Kf3 Kd5 44. Rd3+ Rd4 45. Ke3 Rxd3+ 46. Kxd3 Ke5 47. Ke3 a5 0-1

[Event "BL2 Sued 1415 (Women)"]
[Site "Germany"]
[Date "2014.11.29"]
[Round "3.4"]
[White "Heyne, Regina"]
[Black "Froehlich Dill, Astrid"]
[Result "0-1"]
[WhiteElo "1807"]
[BlackElo "1914"]
[PlyCount "80"]
[EventDate "2014.09.27"]
[EventType "team-tourn"]
[EventRounds "7"]
[EventCountry "GER"]
[SourceTitle "CBM 166 Extra"]
[Source "ChessBase"]
[SourceDate "2015.06.18"]
[SourceVersion "1"]
[SourceVersionDate "2015.06.18"]
[SourceQuality "1"]
[WhiteTeam "Muenchen Bayern (W)"]
[BlackTeam "Hofheim (W)"]
[WhiteTeamCountry "GER"]
[BlackTeamCountry "GER"]

1. d4 Nf6 2. c4 e6 3. Nf3 b6 4. Bg5 Bb7 5. e3 Be7 6. Bd3 c5 7. 0-0 cxd4 8. Nxd4 Nc6 9. Nb5 a6 10. Bxf6 axb5 11. Bxe7 Qxe7 12. cxb5 Nb4 13. Nc3 0-0 14. a3 Nxd3 15. Qxd3 f5 16. Rad1 d5 17. Ne2 e5 18. Qb3 Kh8 19. Nc3 d4 20. exd4 exd4 21. Rxd4 Rad8 22. Rfd1 Rxd4 23. h3 Rxd1+ 24. Qxd1 Rd8 25. Qc2 Qg5 26. g3 Qd2 27. Qb1 Re8 28. Kf1 Be4 29. Nxe4 Rxe4 30. a4 g6 31. Qa2 Re1+ 32. Kg2 Re5 33. Qa3 Qd5+ 34. Kh2 Kg8 35. Qc3 Qc5 36. Qd2 Rd5 37. Qe2 Kf7 38. Qf3 Qd6 39. Kg2 Rd1 40. Qb7+ Kf6 0-1

[Event "Niederbayern-ch"]
[Site "Untergriesbach"]
[Date "2013.04.06"]
[Round "6"]
[White "Theiss, Johann"]
[Black "Heyne, Regina"]
[Result "1/2-1/2"]
[WhiteElo "1999"]
[BlackElo "1745"]
[PlyCount "105"]
[EventDate "2013.04.04"]
[EventType "swiss"]
[EventRounds "7"]
[EventCountry "GER"]
[SourceTitle "EXT 2023"]
[Source "ChessBase"]
[SourceDate "2022.10.05"]
[SourceVersion "1"]
[SourceVersionDate "2022.10.05"]
[SourceQuality "1"]

1. e4 e6 2. d4 d5 3. Nc3 dxe4 4. Nxe4 Be7 5. Nf3 Nf6 6. Nxf6+ Bxf6 7. Bc4 0-0 8. 0-0 b6 9. Re1 Bb7 10. c3 Nd7 11. Qe2 c5 12. dxc5 Nxc5 13. Bf4 Qe7 14. Ne5 Bxe5 15. Bxe5 Qg5 16. Bg3 Ne4 17. Rad1 Nxg3 18. hxg3 Rfd8 19. Bd3 h6 20. a3 Kf8 21. Kh2 Rd6 22. f4 Qc5 23. Bc2 Rad8 24. Rxd6 Rxd6 25. Rd1 Rd5 26. Rxd5 Qxd5 27. c4 Qd4 28. Bd3 a5 29. b4 axb4 30. axb4 Qd6 31. Qe5 Qxe5 32. fxe5 Ke7 33. g4 g5 34. Kg3 f6 35. Kf2 fxe5 36. g3 e4 37. Bf1 Kd6 38. Ke3 Ke5 39. Bg2 Bc6 40. Bh1 Ba4 41. Bxe4 Bd1 42. c5 bxc5 43. bxc5 Bb3 44. Bf3 Bd5 45. Be2 Bc6 46. Bc4 Ba4 47. Ke2 Bc6 48. Ke3 Kf6 49. Bd3 e5 50. Be4 Ba4 51. Bb7 Bc2 52. c6 Ke6 53. c7 1/2-1/2

[Event "BL2 Sued 1213 (Women)"]
[Site "Germany"]
[Date "2012.10.07"]
[Round "2.5"]
[White "Weng, Annegret"]
[Black "Heyne, Regina"]
[Result "1-0"]
[WhiteElo "2146"]
[BlackElo "1803"]
[PlyCount "121"]
[EventDate "2012.10.06"]
[EventType "team-tourn"]
[EventRounds "7"]
[EventCountry "GER"]
[SourceTitle "EXT 2018"]
[Source "ChessBase"]
[SourceDate "2017.10.13"]
[SourceVersion "1"]
[SourceVersionDate "2017.10.13"]
[SourceQuality "1"]
[WhiteTeam "Stuttgart Wolfbusch (W)"]
[BlackTeam "Bayern Muenchen (W)"]
[WhiteTeamCountry "GER"]
[BlackTeamCountry "GER"]

1. e4 e6 2. Nf3 d5 3. e5 Ne7 4. a3 Ng6 5. h4 Bc5 6. d4 Bb6 7. h5 Ne7 8. Bg5 h6 9. Bf4 c5 10. dxc5 Bxc5 11. Nc3 Qb6 12. Qd2 Qxb2 13. Bb5+ Bd7 14. 0-0 d4 15. Bxd7+ Nxd7 16. Ne4 Qb6 17. Rab1 Qc6 18. Nxc5 Qxc5 19. Qxd4 b6 20. Qa4 Qc7 21. Rfd1 Nd5 22. Rxd5 exd5 23. e6 Qc8 24. exd7+ Qxd7 25. Re1+ Kd8 26. Qd4 f6 27. Rd1 Rc8 28. Qxd5 Qxd5 29. Rxd5+ Ke7 30. Rd2 Rhd8 31. Rxd8 Kxd8 32. Nd4 Rc4 33. Be3 Kd7 34. Kf1 Ra4 35. Nf5 Rxa3 36. Nxg7 Rc3 37. Bxh6 Rxc2 38. Be3 a5 39. Bxb6 a4 40. h6 a3 41. Bd4 a2 42. Bxf6 a1Q+ 43. Bxa1 Rc1+ 44. Ke2 Rxa1 45. g4 Ke7 46. f4 Ra3 47. Nf5+ Kf6 48. Ne3 Rb3 49. Kf3 Ra3 50. g5+ Kg6 51. Ke4 Ra4+ 52. Ke5 Ra5+ 53. Nd5 Ra1 54. Ne7+ Kf7 55. g6+ Kxe7 56. h7 Ra5+ 57. Ke4 Rh5 58. g7 Rxh7 59. g8Q Rf7 60. Qxf7+ Kxf7 61. Kf5 1-0

[Event "Bayern-ch (Women) 83th"]
[Site "Bayerisch Eisenstein"]
[Date "2012.08.21"]
[Round "4"]
[White "Heyne, Regina"]
[Black "Roos, Karin"]
[Result "1-0"]
[WhiteElo "1727"]
[BlackElo "1694"]
[PlyCount "65"]
[EventDate "2012.08.18"]
[EventType "swiss"]
[EventRounds "9"]
[EventCountry "GER"]
[SourceTitle "EXT 2013"]
[Source "ChessBase"]
[SourceDate "2012.11.22"]
[SourceVersion "1"]
[SourceVersionDate "2012.11.22"]
[SourceQuality "1"]

1. d4 Nf6 2. c4 d5 3. Nf3 e6 4. Bg5 Be7 5. e3 Nbd7 6. Bd3 dxc4 7. Bxc4 Ne4 8. Bxe7 Qxe7 9. 0-0 0-0 10. Nc3 Ndf6 11. Qc2 Nxc3 12. bxc3 b6 13. Bd3 h6 14. Nd2 Bb7 15. Nb3 Rac8 16. a4 Qd6 17. f3 Rfd8 18. Rfd1 Nd5 19. Qd2 Qc6 20. c4 Nf6 21. a5 Qe8 22. axb6 axb6 23. Ra7 Bc6 24. Qb4 Rd7 25. e4 Rb8 26. Rb1 g6 27. c5 Qe7 28. Na5 Ba8 29. c6 Rd6 30. e5 Nd5 31. exd6 Nxb4 32. dxe7 bxa5 33. Rxc7 1-0

[Event "Bayern-ch (Women) 82nd"]
[Site "Regensburg"]
[Date "2011.08.27"]
[Round "8"]
[White "Heyne, Regina"]
[Black "Roos, Karin"]
[Result "0-1"]
[WhiteElo "1686"]
[BlackElo "1631"]
[PlyCount "104"]
[EventDate "2011.08.20"]
[EventType "swiss"]
[EventRounds "9"]
[EventCountry "GER"]
[SourceTitle "EXT 2015"]
[Source "ChessBase"]
[SourceDate "2014.11.20"]
[SourceVersion "1"]
[SourceVersionDate "2014.11.20"]
[SourceQuality "1"]

1. d4 Nf6 2. c4 d6 3. Nf3 g6 4. Nc3 Bg7 5. e4 0-0 6. Be2 e5 7. dxe5 dxe5 8. 0-0 Nbd7 9. Qc2 c6 10. b3 Qc7 11. Bb2 Nc5 12. b4 Ne6 13. Na4 Nd7 14. Rfd1 b5 15. cxb5 cxb5 16. Qxc7 Nxc7 17. Nc3 a6 18. Ne1 Nb6 19. a4 bxa4 20. Nxa4 Nxa4 21. Rxa4 Be6 22. Rd6 Rfb8 23. Bc3 Nb5 24. Bxb5 axb5 25. Rxa8 Rxa8 26. f3 Kf8 27. Rd1 Ke7 28. Bd2 Ra2 29. Be3 Ke8 30. Bc5 Bh6 31. Nd3 f6 32. Nf2 Bd2 33. Rb1 Bc4 34. Ng4 Kf7 35. Rd1 Rb2 36. h3 h5 37. Ne3 Ke6 38. Nd5 Bxd5 39. exd5+ Kd7 40. Bf8 Bxb4 41. Bg7 Be7 42. Ra1 Kd6 43. Ra6+ Kxd5 44. Bxf6 Bc5+ 45. Kh2 Be3 46. h4 Rb1 47. Be7 b4 48. Rxg6 b3 49. Rd6+ Kc4 50. Bf6 Bd4 51. Rc6+ Kd3 52. Rc8 b2 0-1

[Event "Bayern-ch (Women) 82nd"]
[Site "Regensburg"]
[Date "2011.08.25"]
[Round "6"]
[White "Lorenz, Oda"]
[Black "Heyne, Regina"]
[Result "1-0"]
[WhiteElo "1715"]
[BlackElo "1686"]
[PlyCount "35"]
[EventDate "2011.08.20"]
[EventType "swiss"]
[EventRounds "9"]
[EventCountry "GER"]
[SourceTitle "EXT 2015"]
[Source "ChessBase"]
[SourceDate "2014.11.20"]
[SourceVersion "1"]
[SourceVersionDate "2014.11.20"]
[SourceQuality "1"]

1. e4 e6 2. d4 d5 3. exd5 exd5 4. c4 Nf6 5. Nc3 Be7 6. Nf3 0-0 7. Be2 c6 8. 0-0 Bg4 9. c5 Nbd7 10. Be3 Qc7 11. h3 Bh5 12. Nh4 Bxe2 13. Qxe2 Ne4 14. Nf5 Ndf6 15. Qf3 Nxc3 16. bxc3 Ne4 17. Bf4 Qc8 18. Nxe7+ 1-0

[Event "Bayern-ch (Women) 82nd"]
[Site "Regensburg"]
[Date "2011.08.21"]
[Round "2"]
[White "Janekovic, Vera"]
[Black "Heyne, Regina"]
[Result "0-1"]
[WhiteElo "1526"]
[BlackElo "1686"]
[PlyCount "90"]
[EventDate "2011.08.20"]
[EventType "swiss"]
[EventRounds "9"]
[EventCountry "GER"]
[SourceTitle "EXT 2015"]
[Source "ChessBase"]
[SourceDate "2014.11.20"]
[SourceVersion "1"]
[SourceVersionDate "2014.11.20"]
[SourceQuality "1"]

1. e4 e6 2. d4 d5 3. exd5 exd5 4. Nf3 Be7 5. Be2 Nf6 6. 0-0 0-0 7. Nc3 h6 8. h3 Bf5 9. Re1 Re8 10. Bd3 Bxd3 11. Qxd3 c6 12. Bf4 Nbd7 13. Re2 Nb6 14. Rae1 Qd7 15. Ne5 Qc7 16. Qf5 Qc8 17. Qd3 Bb4 18. a3 Bxc3 19. Qxc3 Qf5 20. Qf3 Ne4 21. g4 Qf6 22. Kh2 g5 23. Bg3 Qxf3 24. Nxf3 Re6 25. Ne5 f6 26. Nd3 Rae8 27. f3 Nc5 28. Rxe6 Nxe6 29. f4 Kf7 30. fxg5 hxg5 31. c3 Nc4 32. Re2 a6 33. Rf2 Kg6 34. h4 Ne3 35. h5+ Kg7 36. Kh3 Nc4 37. Kg2 Nd8 38. Kf3 Re3+ 39. Kg2 Rxd3 40. h6+ Kg6 41. h7 Nf7 42. Be5 Rd2 43. Rxd2 Nxd2 44. Bg3 Kxh7 45. Be1 Nc4 0-1

[Event "Bayern-ch (Women) 80th"]
[Site "Immenstadt"]
[Date "2009.08.25"]
[Round "4"]
[White "Zwetz, Anita"]
[Black "Heyne, Regina"]
[Result "1-0"]
[WhiteElo "1740"]
[BlackElo "1613"]
[PlyCount "69"]
[EventDate "2009.08.22"]
[EventType "swiss"]
[EventRounds "9"]
[EventCountry "GER"]
[SourceTitle "EXT 2015"]
[Source "ChessBase"]
[SourceDate "2014.11.20"]
[SourceVersion "1"]
[SourceVersionDate "2014.11.20"]
[SourceQuality "1"]

1. d4 d5 2. Bg5 Nf6 3. Nf3 e6 4. e3 Be7 5. Bd3 0-0 6. Nbd2 Nbd7 7. c3 c5 8. Ne5 Qc7 9. f4 b6 10. Ndf3 Kh8 11. h4 h6 12. g4 Ng8 13. Qe2 Bb7 14. Bc2 c4 15. Qg2 Bd6 16. 0-0-0 Bxe5 17. fxe5 g6 18. Bf4 Nb8 19. Rdf1 Kg7 20. Qf2 Nc6 21. Bb1 Qd7 22. h5 g5 23. Qc2 f5 24. exf6+ Kxf6 25. Qg6+ Ke7 26. Ne5 Nxe5 27. Bxe5 Qe8 28. Qg7+ Rf7 29. Bd6+ Kxd6 30. Rxf7 Ne7 31. Rhf1 b5 32. Rf8 Qd7 33. Rxa8 Bxa8 34. Qe5+ Kc6 35. Rf6 1-0

[Event "BL2 Sued 0809 (Women)"]
[Site "Germany"]
[Date "2008.12.06"]
[Round "3.5"]
[White "Heyne, Regina"]
[Black "Storkebaum, Ulrike"]
[Result "0-1"]
[WhiteElo "1783"]
[BlackElo "1897"]
[PlyCount "78"]
[EventDate "2008.11.08"]
[EventType "team-tourn"]
[EventRounds "7"]
[EventCountry "GER"]
[SourceTitle "EXT 2010"]
[Source "ChessBase"]
[SourceDate "2010.11.25"]
[SourceVersion "1"]
[SourceVersionDate "2010.11.25"]
[SourceQuality "1"]
[WhiteTeam "Bayern Muenchen (W)"]
[BlackTeam "Hofheim (W)"]
[WhiteTeamCountry "GER"]
[BlackTeamCountry "GER"]

1. d4 Nf6 2. c4 g6 3. Nc3 Bg7 4. Nf3 0-0 5. e4 d6 6. Be2 Nbd7 7. 0-0 e5 8. Be3 a6 9. Qc2 Ng4 10. Bg5 f6 11. Bh4 exd4 12. Nxd4 Nde5 13. h3 Nh6 14. Qd2 c5 15. Nf3 Be6 16. Nd5 Nhf7 17. Rfd1 g5 18. Bg3 Kh8 19. Rac1 b5 20. b3 bxc4 21. Nxe5 Nxe5 22. Bxe5 dxe5 23. Bxc4 a5 24. Qe2 Ra7 25. Qf3 Qe8 26. Qd3 f5 27. Bb5 fxe4 28. Qe2 Qg6 29. Rxc5 g4 30. Nc3 gxh3 31. Qxe4 Qg5 32. Bf1 Raf7 33. Qc6 hxg2 34. Bxg2 Bh3 35. Rf1 Rf6 36. Qb7 Rg6 37. Re1 Bxg2 38. Qc7 Bh3+ 39. Kh2 Qg2# 0-1

[Event "Bayern-ch (Women) 79th"]
[Site "Bad Neustadt/Saale"]
[Date "2008.09.02"]
[Round "5"]
[White "Heyne, Regina"]
[Black "Lorenz, Oda"]
[Result "0-1"]
[WhiteElo "1758"]
[BlackElo "1905"]
[PlyCount "44"]
[EventDate "2008.08.30"]
[EventType "tourn"]
[EventRounds "9"]
[EventCountry "GER"]
[SourceTitle "EXT 2015"]
[Source "ChessBase"]
[SourceDate "2014.11.20"]
[SourceVersion "1"]
[SourceVersionDate "2014.11.20"]
[SourceQuality "1"]

1. d4 Nf6 2. c4 c5 3. Nf3 g6 4. e3 Bg7 5. Be2 0-0 6. 0-0 d6 7. Nc3 Bf5 8. b3 Nc6 9. Bb2 cxd4 10. Nxd4 Nxd4 11. exd4 Rc8 12. d5 a6 13. Rc1 Qa5 14. f3 Bh6 15. Ra1 b5 16. Re1 bxc4 17. Bxc4 Qb6+ 18. Kh1 Rxc4 19. Na4 Rxa4 20. bxa4 Qxb2 21. Rxe7 Nxd5 22. Re2 Qc3 0-1

[Event "BL2 Sued 0708 (Women)"]
[Site "Germany"]
[Date "2007.11.10"]
[Round "1.6"]
[White "Heyne, Regina"]
[Black "Fischer, Agnes"]
[Result "1-0"]
[WhiteElo "1623"]
[BlackElo "1403"]
[PlyCount "65"]
[EventDate "2007.11.10"]
[EventType "team-tourn"]
[EventRounds "7"]
[EventCountry "GER"]
[SourceTitle "EXT 2009"]
[Source "ChessBase"]
[SourceDate "2008.11.26"]
[SourceVersion "1"]
[SourceVersionDate "2008.11.26"]
[SourceQuality "1"]
[WhiteTeam "Bayern Muenchen (W)"]
[BlackTeam "Tegernheim (W)"]
[WhiteTeamCountry "GER"]
[BlackTeamCountry "GER"]

1. d4 d5 2. c4 Nf6 3. cxd5 Nxd5 4. e4 Nb6 5. Nc3 e6 6. Nf3 Be7 7. Be2 N8d7 8. 0-0 c5 9. Bf4 0-0 10. Nb5 Nf6 11. Nc7 Nxe4 12. Nxa8 Nxa8 13. Qc2 f5 14. Rfd1 Qb6 15. Be5 Nc7 16. Rac1 Nd5 17. a3 Ndf6 18. h3 Nd7 19. dxc5 Bxc5 20. Bd4 Bxd4 21. Nxd4 e5 22. Bc4+ Kh8 23. Nxf5 Ndc5 24. Ne3 Nxf2 25. Rf1 Nxh3+ 26. gxh3 Rd8 27. Qf2 Nd7 28. Ng4 Qd6 29. Rcd1 Qe7 30. b4 Rf8 31. Rxd7 Qe8 32. Rf7 Rg8 33. Rf8 1-0

[Event "Bayern-ch (Women) 78th"]
[Site "Vaterstetten"]
[Date "2007.08.18"]
[Round "1"]
[White "Lorenz, Oda"]
[Black "Heyne, Regina"]
[Result "1-0"]
[WhiteElo "1686"]
[BlackElo "1639"]
[PlyCount "117"]
[EventDate "2007.08.18"]
[EventType "swiss"]
[EventRounds "9"]
[EventCountry "GER"]
[SourceTitle "EXT 2015"]
[Source "ChessBase"]
[SourceDate "2014.11.20"]
[SourceVersion "1"]
[SourceVersionDate "2014.11.20"]
[SourceQuality "1"]

1. e4 e5 2. Nf3 Nc6 3. Bb5 Bc5 4. 0-0 d6 5. c3 Bd7 6. d3 h6 7. Re1 Nge7 8. Nbd2 0-0 9. Nf1 Ng6 10. b4 Bb6 11. Bc4 Be6 12. Ne3 a6 13. Nd5 Ba7 14. Qb3 Nce7 15. d4 exd4 16. Nxd4 Bxd4 17. cxd4 Nxd5 18. Bxd5 Bxd5 19. Qxd5 c6 20. Qh5 Qf6 21. Be3 Rac8 22. Rad1 Rfe8 23. Qg4 Rcd8 24. f3 d5 25. e5 Qh4 26. Qf5 Ne7 27. Qc2 Ng6 28. g3 Qe7 29. a3 Nf8 30. h4 Nd7 31. Qf5 Qe6 32. Qxe6 Rxe6 33. Kg2 Nb6 34. g4 Nc4 35. Bc1 Rde8 36. f4 f6 37. f5 R6e7 38. e6 Nd6 39. Bf4 Ne4 40. Rxe4 dxe4 41. Bd6 Kf8 42. Bxe7+ Kxe7 43. d5 Rd8 44. d6+ Rxd6 45. Rxd6 Kxd6 46. Kf2 g6 47. Ke3 h5 48. fxg6 Kxe6 49. Kxe4 hxg4 50. h5 f5+ 51. Kf4 Kf6 52. a4 b6 53. Kg3 c5 54. a5 bxa5 55. bxc5 a4 56. c6 a3 57. c7 a2 58. c8Q a1Q 59. Qh8+ 1-0